00585nam a2200193Ia 4500008004100000020001500041082001200056100002000068245001200088250000800100260004100108300002400149500001900173600003300192650001200225942000700237952013200244999001500376240925s9999 xx 000 0 und d a997151155x a530 HAL aHalliday, David 0aPhysics a4th aNew York:bJohn Wiley & Sonsc,1994. a174p.bIIfOriginal aIncludes Index aHumanities & Natural Science aPhysics cBK 001040708HUMaUITUbUITUd1995-02-09eParamount Book Pvt Ltdg190.30l0o530 HALpQ0139r2024-09-25 07:11:58w2024-09-25yBK c2638d2638